| 000 | 00699cam a22002171a 4500 | ||
|---|---|---|---|
| 001 | ne 64001488 | ||
| 003 | DLC | ||
| 005 | 20260227111801.0 | ||
| 008 | 850419s1962 ua 001 0 arar | ||
| 010 | _ane 64001488 | ||
| 035 | _a(OCoLC)11940596 | ||
| 040 |
_aDLC _cTxU-L _dTxU-L _dDLC |
||
| 042 | _apremarc | ||
| 050 | 0 | 0 |
_aKRM1472.A311961 _bA4 1962 |
| 110 | 1 | _aUnited Arab Republic. | |
| 245 | 1 | 3 |
_aal-Taʼmīnāt al-ijtimāʻīyah : _bbi-al-mudhdhakirāt al-īḍāḥīyah lil-qarārāt al-wizārīyah. |
| 260 |
_a[al-Qāhirah?] : _bDār al-Fikr al-Ḥadīth lil-Ṭabʻ wa-al-Nashr, _c1962. |
||
| 300 |
_a111 p. ; _c19 cm. |
||
| 500 | _aIncludes index. | ||
| 650 | 0 |
_aSocial security _zEgypt. |
|
| 999 |
_c47109 _d47109 |
||